[Event "Sparkassen-Open A"]
[Site "Heusenstamm, Martinsee"]
[Date "2018.11.23"]
[Round "2.36"]
[White "Adocchio, Giampiero"]
[Black "Waffenschmidt, Joachim"]
[Result "1/2-1/2"]
[WhiteElo "2171"]
[BlackElo "2007"]
[PlyCount "48"]
[EventDate "2018.??.??"]
[WhiteTeam "Mosbacher SC"]
[BlackTeam "SC Brett vorm Kopp"]

1. e4 e6 2. d4 d5 3. Nd2 dxe4 4. Nxe4 Nd7 5. Nf3 Ngf6 6. Bg5 c5 7. dxc5 Bxc5 8.
Nxc5 Qa5+ 9. c3 Qxc5 10. Bd3 Ne5 11. Nxe5 Qxe5+ 12. Be3 Bd7 13. Qe2 O-O 14. f4
Qa5 15. Bd4 Qh5 16. Qxh5 Nxh5 17. O-O Rfd8 18. Rad1 Nf6 19. a3 Ba4 20. Rde1 Nd7
21. Bc4 b5 22. Ba2 Bc2 23. f5 Bxf5 24. h3 Bg6 1/2-1/2

[Event "Sparkassen-Open A"]
[Site "Heusenstamm, Martinsee"]
[Date "2018.11.23"]
[Round "2.37"]
[White "Rutsatz, Mario"]
[Black "Boos, Markus"]
[Result "1-0"]
[WhiteElo "2006"]
[BlackElo "2166"]
[PlyCount "109"]
[EventDate "2018.??.??"]
[WhiteTeam "SF Frankfurt"]
[BlackTeam "Elberfelder SG"]

1. c4 e5 2. g3 Nf6 3. Bg2 d5 4. cxd5 Nxd5 5. Nc3 Nb6 6. Nf3 Nc6 7. O-O Be7 8.
d3 O-O 9. Be3 Re8 10. Rc1 Bf8 11. a3 a5 12. Na4 Nd4 13. Nxb6 cxb6 14. Re1 Nf5
15. Bd2 f6 16. e4 Nd4 17. Nxd4 exd4 18. f4 Bd6 19. Qh5 Rb8 20. e5 g6 21. Qh4
fxe5 22. Qxd8 Rxd8 23. fxe5 Bc5 24. b4 axb4 25. axb4 Be7 26. Rc7 Rd7 27. Rec1
Rxc7 28. Rxc7 Kf8 29. Rc4 Ra8 30. Kf1 Bf5 31. Rxd4 Ra1+ 32. Ke2 Ra2 33. h4 h5
34. Rf4 Kg7 35. Ke3 Be6 36. Bxb7 g5 37. Rd4 gxh4 38. gxh4 Bg4 39. Bd5 Rb2 40.
Rf4 Bxh4 41. Rf7+ Kg6 42. Bc3 Re2+ 43. Kd4 Bg3 44. Rf6+ Kg5 45. Be4 h4 46. Rg6+
Kh5 47. Rg8 Rc2 48. Rh8+ Kg5 49. Rg8+ Kh5 50. Bg6+ Kh6 51. Bf7 Bf3 52. e6 Bf2+
53. Ke5 Rxc3 54. e7 Bc6 55. Rg6+ 1-0

[Event "Sparkassen-Open A"]
[Site "Heusenstamm, Martinsee"]
[Date "2018.11.23"]
[Round "2.38"]
[White "Haag, Martin"]
[Black "Stock, JÃ¼rgen"]
[Result "1-0"]
[WhiteElo "2186"]
[BlackElo "1941"]
[PlyCount "71"]
[EventDate "2018.??.??"]
[WhiteTeam "SC Bonn Beuel"]
[BlackTeam "Sfr. Kelkheim"]

1. c4 f5 2. g3 Nf6 3. Bg2 c6 4. Nf3 e6 5. O-O d5 6. d3 Be7 7. Nc3 O-O 8. e4
fxe4 9. dxe4 dxc4 10. Qe2 b5 11. Rd1 Qe8 12. a4 b4 13. Nb1 Ba6 14. Nbd2 c3 15.
Nc4 cxb2 16. Bxb2 Nbd7 17. Qc2 Nc5 18. Nfe5 b3 19. Qe2 Rb8 20. Qe3 Bxc4 21.
Nxc4 Ng4 22. Qc3 Qg6 23. Rd2 Qh6 24. h3 Nxe4 25. Bxe4 Bb4 26. Qxg7+ Qxg7 27.
Bxg7 Nxf2 28. Rxf2 Rxf2 29. Kxf2 Kxg7 30. Ke2 Be7 31. Rb1 Rb4 32. Nd2 Rxa4 33.
Rxb3 h6 34. Rb7 Kf6 35. Bxc6 Bd6 36. Bxa4 1-0

[Event "Sparkassen-Open A"]
[Site "Heusenstamm, Martinsee"]
[Date "2018.11.23"]
[Round "2.39"]
[White "Haller, Luis"]
[Black "Goossens, Hanne"]
[Result "0-1"]
[WhiteElo "1890"]
[BlackElo "2176"]
[PlyCount "36"]
[EventDate "2018.??.??"]
[WhiteTeam "SF Konz-Karthaus"]
[BlackTeam "DJK AufwÃ¤rts Aachen"]

1. e4 c5 2. Nc3 d6 3. f4 g6 4. Nf3 Bg7 5. Bc4 Nc6 6. O-O e6 7. f5 Nf6 8. fxe6
Bxe6 9. Bxe6 fxe6 10. Qe2 O-O 11. d3 Ng4 12. Be3 Nxe3 13. Qxe3 Bd4 14. Nxd4
cxd4 15. Qh3 dxc3 16. Qxe6+ Kg7 17. bxc3 Qe7 18. Rxf8 Rxf8 0-1

[Event "Sparkassen-Open A"]
[Site "Heusenstamm, Martinsee"]
[Date "2018.11.23"]
[Round "2.40"]
[White "Villwock, Martin"]
[Black "Bakiev, Diyor"]
[Result "1-0"]
[WhiteElo "2182"]
[BlackElo "1908"]
[PlyCount "109"]
[EventDate "2018.??.??"]
[WhiteTeam "SF Essen-Katernberg"]
[BlackTeam "SV Ffm-Griesheim"]

1. d4 Nf6 2. c4 c5 3. d5 e6 4. Nc3 exd5 5. cxd5 d6 6. e4 g6 7. Bd3 Bg7 8. Nge2
O-O 9. O-O a6 10. a4 Re8 11. Ng3 Qc7 12. h3 Nbd7 13. f4 Rb8 14. Qf3 c4 15. Bc2
b5 16. axb5 axb5 17. e5 dxe5 18. f5 e4 19. Ncxe4 Ne5 20. Nxf6+ Bxf6 21. Qf4 Bh8
22. Be3 Bb7 23. Rad1 Rbd8 24. Be4 Qd7 25. f6 Qd6 26. Rd4 Nd3 27. Qh4 Ne5 28.
Kh1 Bc8 29. Bc2 Ng4 30. Bg5 Ne3 31. Bxe3 Rxe3 32. Ne4 Qe5 33. Ng5 h5 34. Rdf4
Rxd5 35. Nf3 Qxb2 36. Bxg6 fxg6 37. f7+ Kf8 38. Re4 Qf6 39. Rxe3 Qxf7 40. Rfe1
Bf6 41. Qg3 Kg7 42. Ne5 Bxe5 43. Rxe5 Rxe5 44. Qxe5+ Kh7 45. Qc5 Qf5 46. Re7+
Kh6 47. Qe3+ g5 48. Qb6+ Qg6 49. Qd8 g4 50. Qd2+ Qg5 51. Rh7+ Kxh7 52. Qxg5
gxh3 53. Qxh5+ Kg7 54. gxh3 c3 55. Qe5+ 1-0

[Event "Sparkassen-Open A"]
[Site "Heusenstamm, Martinsee"]
[Date "2018.11.23"]
[Round "2.41"]
[White "Schubert, Nikita"]
[Black "Schulze, Lara"]
[Result "0-1"]
[WhiteElo "1845"]
[BlackElo "2167"]
[PlyCount "92"]
[EventDate "2018.??.??"]
[WhiteTeam "ESV Gera"]
[BlackTeam "SK Lehrte"]

1. d4 Nf6 2. c4 e6 3. Nf3 c5 4. d5 exd5 5. cxd5 d6 6. Nc3 g6 7. Bf4 Bg7 8. Qa4+
Bd7 9. Qb3 Qc7 10. e4 O-O 11. Nd2 Nh5 12. Be3 f5 13. exf5 gxf5 14. Be2 Be8 15.
Nf3 f4 16. Bd2 Qe7 17. O-O Nd7 18. Rfe1 Ne5 19. Nxe5 Bxe5 20. Bf3 Ng7 21. Ne4
Nf5 22. Bc3 Nd4 23. Bxd4 cxd4 24. Rac1 Bg6 25. Qc4 Bxe4 26. Bxe4 f3 27. g3 Qd7
28. Qd3 Qf7 29. Rc2 Rae8 30. Rd1 Re7 31. Rc4 Qh5 32. Ra4 a6 33. Ra3 Ref7 34. b4
Qg4 35. b5 axb5 36. Rb1 h5 37. Rb2 h4 38. Rab3 hxg3 39. hxg3 Qg5 40. Qf1 Bxg3
41. fxg3 Qxg3+ 42. Rg2 Qxg2+ 43. Qxg2+ fxg2 44. Rb4 Rg7 45. Bd3 Rf3 46. Rxd4
Rh3 0-1

[Event "Sparkassen-Open A"]
[Site "Heusenstamm, Martinsee"]
[Date "2018.11.23"]
[Round "2.42"]
[White "Dunsbach, Ralf"]
[Black "Ahrends, Norbert"]
[Result "1/2-1/2"]
[WhiteElo "2159"]
[BlackElo "1856"]
[PlyCount "46"]
[EventDate "2018.??.??"]
[WhiteTeam "SK Bad Homburg"]
[BlackTeam "SV GroÃŸ-Gerau"]

1. Nf3 d5 2. c4 c6 3. g3 Nf6 4. Bg2 e6 5. O-O g6 6. d4 Bg7 7. Nc3 O-O 8. Qd3 b6
9. cxd5 cxd5 10. Bf4 Ba6 11. Qc2 Nc6 12. Qa4 Bb7 13. Rac1 a6 14. Rfd1 b5 15.
Qb3 Rc8 16. Ne5 Na5 17. Qa3 Re8 18. b4 Nc4 19. Nxc4 bxc4 20. Qb2 Bc6 21. Qc2
Qd7 22. Rb1 Ne4 23. Bxe4 dxe4 1/2-1/2

[Event "Sparkassen-Open A"]
[Site "Heusenstamm, Martinsee"]
[Date "2018.11.23"]
[Round "2.43"]
[White "Blank, Stefan"]
[Black "Hahn, Florian"]
[Result "0-1"]
[WhiteElo "1768"]
[BlackElo "2148"]
[PlyCount "84"]
[EventDate "2018.??.??"]
[WhiteTeam "SC Sulzbach"]
[BlackTeam "SC Herborn"]

1. e4 c5 2. Nf3 g6 3. g3 Nc6 4. Bg2 Bg7 5. O-O e5 6. c3 Nge7 7. a4 O-O 8. Na3
d5 9. d3 h6 10. Nc2 Re8 11. b4 cxb4 12. cxb4 Be6 13. Bb2 d4 14. Nd2 Qd7 15. f4
f6 16. Nc4 Nc8 17. b5 Nd8 18. Ne1 Nf7 19. Rc1 a6 20. b6 Bxc4 21. dxc4 Nxb6 22.
a5 Na4 23. Ba3 Qc6 24. Rf2 Rad8 25. Nd3 Nc3 26. Qc2 Nd6 27. Bxd6 Rxd6 28. c5
Rd7 29. Qb3+ Kh7 30. Nb4 Qxc5 31. Rcc2 Qxa5 32. Nd5 Nxd5 33. exd5 e4 34. Ra2
Qxd5 35. Qxd5 Rxd5 36. Rfb2 Rd7 37. Rb1 f5 38. Kf1 d3 39. Ra3 Bd4 40. Rab3 b6
41. Re1 Rc8 42. g4 Rc2 0-1

[Event "Sparkassen-Open A"]
[Site "Heusenstamm, Martinsee"]
[Date "2018.11.23"]
[Round "2.44"]
[White "Schnabel, Bennett"]
[Black "Krischak, Werner"]
[Result "1-0"]
[WhiteElo "2146"]
[BlackElo "1768"]
[PlyCount "47"]
[EventDate "2018.??.??"]
[WhiteTeam "SV Mattnetz Berlin"]
[BlackTeam "SK Marburg"]

1. e4 c6 2. Nc3 d5 3. Qe2 d4 4. Nd1 e5 5. g3 Nf6 6. f4 exf4 7. gxf4 Bg4 8. Nf3
Nh5 9. d3 Be7 10. Rg1 Bxf3 11. Qxf3 g6 12. a3 Nd7 13. Nf2 Qb6 14. Bh3 O-O-O 15.
Bd2 Qxb2 16. Ke2 Qxc2 17. Rgc1 Qa4 18. e5 Ng7 19. Rab1 f6 20. Ba5 Rde8 21. Rc4
Qxa5 22. Rxc6+ bxc6 23. Qxc6+ Qc7 24. Qa8+ 1-0

[Event "Sparkassen-Open A"]
[Site "Heusenstamm, Martinsee"]
[Date "2018.11.23"]
[Round "2.45"]
[White "Chandler, Patrick"]
[Black "Senatov, Boris"]
[Result "1-0"]
[WhiteElo "2138"]
[BlackElo "1735"]
[PlyCount "63"]
[EventDate "2018.??.??"]
[WhiteTeam "SC Nied"]
[BlackTeam "SC Heusenstamm"]

1. Nf3 c5 2. b3 d5 3. Bb2 Nc6 4. e3 e6 5. d3 Nf6 6. Nbd2 Bd6 7. g3 e5 8. e4 O-O
9. Bg2 d4 10. h3 Ne8 11. g4 g6 12. Qe2 Ng7 13. Nc4 Bc7 14. a4 Be6 15. Bc1 a6
16. Bh6 b5 17. Ncd2 f6 18. O-O Nb4 19. Rfc1 Bd6 20. Nf1 Be7 21. Ne1 Bd6 22.
axb5 axb5 23. Rxa8 Qxa8 24. f4 exf4 25. e5 Qa3 26. exd6 Qxc1 27. Bxg7 Re8 28.
Bxf6 Bd7 29. Be7 Kf7 30. Qe5 Kg8 31. Kf2 h6 32. Qf6 1-0

[Event "Sparkassen-Open A"]
[Site "Heusenstamm, Martinsee"]
[Date "2018.11.23"]
[Round "2.46"]
[White "Meyer, Marcel"]
[Black "Browning, Alex"]
[Result "1/2-1/2"]
[WhiteElo "1811"]
[BlackElo "2102"]
[PlyCount "53"]
[EventDate "2018.??.??"]
[WhiteTeam "SC Herborn"]
[BlackTeam "SVG Plettenberg"]

1. d4 Nf6 2. c4 g6 3. Nc3 Bg7 4. e4 O-O 5. Nf3 d6 6. Be2 e5 7. O-O Nc6 8. d5
Ne7 9. b4 a5 10. Ba3 axb4 11. Bxb4 Nd7 12. a4 Nc5 13. Qb1 Na6 14. Ba3 f5 15.
Bd3 c5 16. Nb5 Bh6 17. Bc1 Bxc1 18. Qxc1 f4 19. Qc3 g5 20. Nxg5 Nxd5 21. exd5
Qxg5 22. Nxd6 f3 23. g3 Qh6 24. Qxe5 Qh3 25. Qg5+ Kh8 26. Qe5+ Kg8 27. Qg5+
1/2-1/2

[Event "Sparkassen-Open A"]
[Site "Heusenstamm, Martinsee"]
[Date "2018.11.23"]
[Round "2.47"]
[White "Thomas, Ingo"]
[Black "Emig, Nils"]
[Result "1-0"]
[WhiteElo "2130"]
[BlackElo "1686"]
[PlyCount "117"]
[EventDate "2018.??.??"]
[WhiteTeam "Krefelder SK Turm"]
[BlackTeam "SK Marburg"]

1. e4 c5 2. Nf3 e6 3. b3 b6 4. Bb2 Bb7 5. Nc3 Nc6 6. g3 Be7 7. Bg2 Bf6 8. O-O
d6 9. Re1 Nge7 10. Na4 Bxb2 11. Nxb2 O-O 12. d4 cxd4 13. Nxd4 Nxd4 14. Qxd4 d5
15. exd5 Bxd5 16. Rad1 Bxg2 17. Kxg2 Qc7 18. c4 Rad8 19. Qe4 Qc6 20. Qxc6 Nxc6
21. Na4 Nb4 22. Nc3 a6 23. h4 h6 24. Kf1 Nc2 25. Re2 Rxd1+ 26. Nxd1 Rd8 27.
Rxc2 Rxd1+ 28. Ke2 Rd6 29. b4 Kf8 30. c5 Rc6 31. Kd3 bxc5 32. bxc5 Ke7 33. Kc4
g5 34. hxg5 hxg5 35. Rb2 f5 36. Rb7+ Kd8 37. f3 g4 38. fxg4 fxg4 39. Rg7 Rc7
40. Rxg4 Rf7 41. Rd4+ Kc7 42. Rd6 Rg7 43. Rxa6 Rxg3 44. Kb5 e5 45. Ra7+ Kb8 46.
Re7 Ra3 47. Kb6 Kc8 48. c6 Kd8 49. Rxe5 Rc3 50. Ra5 Rc2 51. Ra8+ Ke7 52. Kc7
Rc3 53. Ra4 Rc2 54. Re4+ Kf7 55. a4 Rc5 56. Kb6 Rc2 57. c7 Rb2+ 58. Kc5 Rc2+
59. Rc4 1-0

[Event "Sparkassen-Open A"]
[Site "Heusenstamm, Martinsee"]
[Date "2018.11.23"]
[Round "2.48"]
[White "Schmitt, Clemens"]
[Black "Engel, Berthold"]
[Result "0-1"]
[WhiteElo "1746"]
[BlackElo "2129"]
[PlyCount "118"]
[EventDate "2018.??.??"]
[WhiteTeam "SV Bergwinkel"]
[BlackTeam "BG Buchen"]

1. c4 e5 2. g3 Nf6 3. Bg2 c6 4. Nf3 Qc7 5. Nc3 Bb4 6. Qb3 Na6 7. O-O O-O 8. d4
d6 9. Bg5 Ne8 10. dxe5 dxe5 11. a3 Be7 12. Qc2 f6 13. Be3 Nd6 14. b3 Nf5 15.
Bc1 Be6 16. e3 Rad8 17. Bb2 Nd6 18. Rad1 Bf5 19. e4 Bg4 20. h3 Bh5 21. g4 Bf7
22. Rfe1 Nc5 23. b4 Ne6 24. c5 Nc8 25. Ne2 a5 26. Kh1 axb4 27. axb4 b6 28. g5
Nxg5 29. Nxg5 fxg5 30. Qc3 bxc5 31. bxc5 Bf6 32. Ng3 Ne7 33. Bf3 g6 34. Nf1 h5
35. Be2 Be6 36. Bc4 Bf7 37. Bxf7+ Rxf7 38. Rxd8+ Qxd8 39. Qg3 Qb8 40. Bc3 Qb5
41. Bxe5 Qxc5 42. Bd6 Qc3 43. Qxc3 Bxc3 44. Rc1 Nc8 45. e5 Nxd6 46. exd6 Be5
47. Rxc6 Rd7 48. Ng3 Rxd6 49. Rxd6 Bxd6 50. Ne4 Be7 51. Kg2 Kf7 52. Kg3 Ke6 53.
f3 Ke5 54. Nc3 Kf5 55. Ne2 Bb4 56. Nd4+ Kf6 57. f4 Bd6 58. Ne2 gxf4+ 59. Kf3
Kg5 0-1

[Event "Sparkassen-Open A"]
[Site "Heusenstamm, Martinsee"]
[Date "2018.11.23"]
[Round "2.49"]
[White "Milov, Leonid"]
[Black "Rosenberger, Frank"]
[Result "1-0"]
[WhiteElo "2481"]
[BlackElo "2008"]
[PlyCount "127"]
[EventDate "2018.??.??"]
[WhiteTeam "SC Noris-Tarrasch NÃ¼rnberg"]
[BlackTeam "SK Gernsheim"]

1. e4 e6 2. d4 d5 3. Nd2 dxe4 4. Nxe4 Bd7 5. Nf3 Bc6 6. Bd3 Nd7 7. O-O Ngf6 8.
Ned2 Be7 9. c3 O-O 10. Qe2 Bxf3 11. Nxf3 c5 12. dxc5 Bxc5 13. Bg5 Qc7 14. Rad1
a6 15. Bh4 b5 16. Bg3 Qb6 17. a3 Rfd8 18. h3 Be7 19. Nd4 Re8 20. Bc2 Rad8 21.
Rd2 Nc5 22. Qf3 Qb7 23. Qxb7 Nxb7 24. Rfd1 Rc8 25. Nb3 Red8 26. Bd3 Kf8 27. Be5
Nc5 28. Nxc5 Rxc5 29. Bd4 Rcd5 30. Kf1 Bc5 31. Bxc5+ Rxc5 32. Be2 Rxd2 33. Rxd2
Ke7 34. Bf3 Rc7 35. Ke1 Nd7 36. Kd1 Nb6 37. Kc2 Nc4 38. Rd4 g6 39. Be2 Nb6 40.
Bf3 Nc4 41. a4 e5 42. Rh4 bxa4 43. Be2 Nb6 44. Rb4 Rc6 45. Bxa6 a3 46. bxa3 Nd5
47. Rb7+ Kf6 48. Bb5 Rxc3+ 49. Kb2 Rc8 50. a4 Ra8 51. Kb3 e4 52. Bc4 Ke5 53.
Rxf7 Rb8+ 54. Bb5 h5 55. h4 e3 56. fxe3 Nxe3 57. g3 Nf5 58. Kb4 Nxg3 59. Re7+
Kf6 60. Rc7 Nf5 61. Rc6+ Kf7 62. Kc5 Nxh4 63. a5 Nf5 64. a6 $138 1-0

[Event "Sparkassen-Open A"]
[Site "Heusenstamm, Martinsee"]
[Date "2018.11.23"]
[Round "2.51"]
[White "Gritsak, Orest"]
[Black "Laux, Dominik"]
[Result "1-0"]
[WhiteElo "2457"]
[BlackElo "1973"]
[PlyCount "139"]
[EventDate "2018.??.??"]
[WhiteTeam "vereinslos"]
[BlackTeam "VSG Offenbach"]

1. c4 e5 2. g3 Nf6 3. Bg2 h6 4. a3 d5 5. cxd5 Nxd5 6. Nf3 Bd6 7. Nc3 Nxc3 8.
bxc3 O-O 9. d3 Re8 10. Nd2 c6 11. O-O Nd7 12. a4 Nc5 13. d4 exd4 14. cxd4 Na6
15. e3 Be6 16. Bb2 Qd7 17. Bc3 Bh3 18. Bxh3 Qxh3 19. Rb1 Qd7 20. Nc4 Bf8 21.
Ne5 Qc7 22. Qb3 Rab8 23. Rfc1 Re6 24. a5 b5 25. axb6 axb6 26. Rc2 Bd6 27. Ra2
Bxe5 28. Rxa6 Bf6 29. Rxb6 Rxb6 30. Qxb6 Qxb6 31. Rxb6 Kh7 32. Bb4 Kg6 33. Kg2
h5 34. h3 Bd8 35. Rb7 Kf6 36. Rd7 Bb6 37. g4 hxg4 38. hxg4 g5 39. Kf3 Kg7 40.
Bd6 Kg6 41. Bb4 Kg7 42. Rb7 Bd8 43. Ke2 Kg6 44. Kd3 Rf6 45. Ke2 Re6 46. f3 Kg7
47. Rd7 Bb6 48. Bc3 Kg6 49. Be1 Kg7 50. Bf2 Kg6 51. Bg3 Ba5 52. Bd6 Bb6 53. Be5
Ba5 54. Bb8 Bb4 55. Bg3 Ba5 56. Rb7 Bd8 57. Rb8 Be7 58. Rg8+ Kh7 59. Re8 Bb4
60. Rc8 Kg6 61. Be5 f6 62. Bc7 Kf7 63. Bb6 Ke7 64. e4 Kd7 65. Rc7+ Ke8 66. Kd3
Be7 67. Bc5 Bd8 68. Rh7 Ba5 69. Ra7 Bd8 70. Kc4 1-0

[Event "Sparkassen-Open A"]
[Site "Heusenstamm, Martinsee"]
[Date "2018.11.23"]
[Round "2.52"]
[White "MÃ¼dder, Rafael"]
[Black "Alber, Horst"]
[Result "1/2-1/2"]
[WhiteElo "1994"]
[BlackElo "2287"]
[PlyCount "66"]
[EventDate "2018.??.??"]
[WhiteTeam "SG Solingen"]
[BlackTeam "SK Marburg"]

1. e4 g6 2. Nc3 Bg7 3. Bc4 c6 4. a4 d6 5. d3 Nf6 6. Ba2 a6 7. f4 O-O 8. Nf3 d5
9. O-O Bg4 10. h3 Bxf3 11. Qxf3 e6 12. Kh1 b5 13. Ne2 Nbd7 14. e5 Ne8 15. Be3
c5 16. axb5 axb5 17. b4 c4 18. Nd4 Nc7 19. Nc6 Qe8 20. Na5 Na6 21. c3 Qc8 22.
d4 Nab8 23. Bb1 Nc6 24. Nxc6 Qxc6 25. Bc2 Rxa1 26. Rxa1 Ra8 27. Qd1 Ra6 28. Qc1
Qa8 29. Rxa6 Qxa6 30. Qb2 Qa8 31. g4 f5 32. g5 Kf7 33. Bd1 h5 1/2-1/2

[Event "Sparkassen-Open A"]
[Site "Heusenstamm, Martinsee"]
[Date "2018.11.23"]
[Round "2.53"]
[White "Donchenko, Anatoly"]
[Black "Calvi, Stefan"]
[Result "1/2-1/2"]
[WhiteElo "2269"]
[BlackElo "1986"]
[PlyCount "81"]
[EventDate "2018.??.??"]
[WhiteTeam "SK GieÃŸen"]
[BlackTeam "SF Frankfurt"]

1. Nf3 Nf6 2. d4 g6 3. c4 Bg7 4. Nc3 d6 5. g3 O-O 6. Bg2 c5 7. O-O Nc6 8. dxc5
dxc5 9. Be3 Be6 10. Qa4 Qa5 11. Rac1 Qxa4 12. Nxa4 b6 13. Ng5 Bd7 14. Rfd1 Rac8
15. Nc3 Rfd8 16. h3 h6 17. Nf3 Be6 18. b3 Rxd1+ 19. Rxd1 Ng4 20. Bd2 Nf6 21.
Bc1 g5 22. Kf1 Bf5 23. Ne1 e6 24. Nb5 Be4 25. Bb2 Bxg2+ 26. Kxg2 a6 27. Nc3 Rd8
28. Nd3 Nd7 29. Na4 Bxb2 30. Ndxb2 Kf8 31. Nc3 Nde5 32. Rxd8+ Nxd8 33. f4 gxf4
34. gxf4 Nd7 35. Kf3 Nc6 36. e3 f5 37. Nba4 Kf7 38. e4 Nd4+ 39. Ke3 Kg6 40.
exf5+ Kxf5 41. Nb2 1/2-1/2

[Event "Sparkassen-Open A"]
[Site "Heusenstamm, Martinsee"]
[Date "2018.11.23"]
[Round "2.54"]
[White "Deppe, Leo Max"]
[Black "Mooser, Stefan"]
[Result "0-1"]
[WhiteElo "1895"]
[BlackElo "2269"]
[PlyCount "52"]
[EventDate "2018.??.??"]
[WhiteTeam "SC Bad Soden"]
[BlackTeam "FC Ergolding"]

1. d4 d5 2. c4 e6 3. Nc3 c6 4. Bf4 Bd6 5. Bxd6 Qxd6 6. e3 Nf6 7. Bd3 O-O 8. f4
c5 9. Nb5 Qb6 10. Qd2 cxd4 11. exd4 dxc4 12. Bxc4 Bd7 13. Nc3 Bc6 14. Nge2 Na6
15. O-O-O Rac8 16. b3 Nb4 17. Kb2 Bxg2 18. Rhg1 Bd5 19. Bxd5 Nbxd5 20. f5 exf5
21. Nxd5 Nxd5 22. Ng3 f4 23. Nh5 g6 24. Qg2 Ne3 25. Qg5 Rc2+ 26. Kb1 Qa6 0-1

[Event "Sparkassen-Open A"]
[Site "Heusenstamm, Martinsee"]
[Date "2018.11.23"]
[Round "2.55"]
[White "Bomans, Arno"]
[Black "Reinhard, Ralf-Peter"]
[Result "1-0"]
[WhiteElo "2262"]
[BlackElo "1943"]
[PlyCount "53"]
[EventDate "2018.??.??"]
[WhiteTeam "Gambiet Opwijk"]
[BlackTeam "vereinslos"]

1. d4 Nf6 2. Bg5 e6 3. e4 h6 4. Bxf6 Qxf6 5. c3 c5 6. Nf3 b6 7. Bd3 Bb7 8. O-O
Ba6 9. a4 Bxd3 10. Qxd3 cxd4 11. Nxd4 Nc6 12. Nd2 Nxd4 13. cxd4 Bb4 14. e5 Qd8
15. Ne4 d5 16. Ng3 O-O 17. f4 g6 18. Ne2 h5 19. Kh1 Qd7 20. Rg1 Rac8 21. g4
hxg4 22. Rxg4 Kg7 23. Rag1 Qe8 24. f5 exf5 25. Qxf5 Rc6 26. Nf4 Qc8 27. e6 1-0

[Event "Sparkassen-Open A"]
[Site "Heusenstamm, Martinsee"]
[Date "2018.11.23"]
[Round "2.56"]
[White "Erdmann, Stefan"]
[Black "Heppert, Lars"]
[Result "1-0"]
[WhiteElo "2216"]
[BlackElo "1940"]
[PlyCount "45"]
[EventDate "2018.??.??"]
[WhiteTeam "SC Bad Soden"]
[BlackTeam "SK Neuburg"]

1. d4 Nf6 2. c4 g6 3. Nc3 Bg7 4. Nf3 d6 5. g3 O-O 6. Bg2 Nbd7 7. O-O e5 8. e4
c6 9. h3 a5 10. Re1 Qc7 11. Be3 Rd8 12. Qc2 exd4 13. Nxd4 Nc5 14. Rad1 Ne6 15.
Nde2 b5 16. cxb5 Bb7 17. bxc6 Qxc6 18. Qd2 Ne8 19. Nd5 Qb5 20. Nec3 Bxc3 21.
Nxc3 Qh5 22. Nd5 Bxd5 23. exd5 1-0

[Event "Sparkassen-Open A"]
[Site "Heusenstamm, Martinsee"]
[Date "2018.11.23"]
[Round "2.57"]
[White "Boder, Jan"]
[Black "Jansen, Dirk Norbert"]
[Result "0-1"]
[WhiteElo "1896"]
[BlackElo "2209"]
[PlyCount "70"]
[EventDate "2018.??.??"]
[WhiteTeam "SG MÃ¶rsdorf-Lahr"]
[BlackTeam "SV Weidenau/Geisweid"]

1. b3 d5 2. Bb2 Bg4 3. g3 Nc6 4. Bg2 Qd7 5. h3 Bh5 6. f4 f5 7. Nf3 Bxf3 8. Bxf3
Nf6 9. e3 O-O-O 10. d4 e6 11. Nd2 h6 12. a3 g5 13. c4 Be7 14. Qe2 gxf4 15. gxf4
Ne4 16. Bxe4 Bh4+ 17. Kd1 fxe4 18. Kc2 Qf7 19. Rag1 Rhg8 20. Rg4 Bf6 21. Rhg1
Ne7 22. cxd5 exd5 23. Rxg8 Rxg8 24. Rxg8+ Nxg8 25. Nf1 Kb8 26. Ng3 Ne7 27. Qh5
Qxh5 28. Nxh5 Bh4 29. Kd2 Nf5 30. Ke2 Kc8 31. Bc3 Kd7 32. Be1 Bxe1 33. Kxe1
Nxe3 34. Kd2 Nf5 35. Nf6+ Ke6 0-1

[Event "Sparkassen-Open A"]
[Site "Heusenstamm, Martinsee"]
[Date "2018.11.23"]
[Round "2.58"]
[White "Farmani Anosheh, Yasha"]
[Black "Tuzi, Bruna"]
[Result "1-0"]
[WhiteElo "2127"]
[BlackElo "1866"]
[PlyCount "113"]
[EventDate "2018.??.??"]
[WhiteTeam "SK Ladenburg"]
[BlackTeam "SK GieÃŸen"]

1. e4 c5 2. Nf3 Nc6 3. Bb5 Nd4 4. Bc4 b5 5. Bf1 Nxf3+ 6. Qxf3 Qb6 7. Nc3 a6 8.
a4 b4 9. a5 Qf6 10. Na4 Qc6 11. Bc4 e6 12. Nb6 Rb8 13. Qe2 Bb7 14. f3 Ne7 15.
Bxa6 Bxa6 16. Qxa6 Nc8 17. d3 Be7 18. Be3 O-O 19. Qc4 Nxb6 20. axb6 d5 21. exd5
exd5 22. Qg4 Bf6 23. Rb1 Rfe8 24. Kf2 Qa4 25. Rhc1 d4 26. Bf4 Rxb6 27. Ra1 Qb5
28. Re1 Rbe6 29. Rxe6 fxe6 30. b3 Qc6 31. Bg3 Qd5 32. Ra7 Re7 33. Ra6 Bg5 34.
Qe4 Be3+ 35. Ke2 Qf5 36. Rc6 Bc1 37. Qxf5 exf5+ 38. Kd1 Bb2 39. Rxc5 Ra7 40.
Rc4 Bc3 41. Bd6 Ra1+ 42. Ke2 Ra2 43. Bxb4 Rxc2+ 44. Kf1 Rc1+ 45. Kf2 Rc2+ 46.
Kg3 g5 47. Be7 Rd2 48. Bxg5 Rxd3 49. h4 Be1+ 50. Kf4 Bf2 51. b4 h6 52. Bf6 Rd1
53. Kxf5 Kf7 54. Rc7+ Ke8 55. Re7+ Kf8 56. Re2 Be1 57. Kg6 1-0

[Event "Sparkassen-Open A"]
[Site "Heusenstamm, Martinsee"]
[Date "2018.11.23"]
[Round "2.59"]
[White "KÃ¶llner, Christof"]
[Black "Poschadel, Andreas Gregor"]
[Result "1-0"]
[WhiteElo "2105"]
[BlackElo "1854"]
[PlyCount "71"]
[EventDate "2018.??.??"]
[WhiteTeam "SV Bergneustadt/Derschlag"]
[BlackTeam "Hamelner SV"]

1. d4 d5 2. c4 e6 3. Nc3 Nf6 4. cxd5 exd5 5. Bg5 Nbd7 6. e3 c6 7. Bd3 Be7 8.
Qc2 O-O 9. Nge2 Re8 10. O-O Nf8 11. f3 Be6 12. Rae1 c5 13. dxc5 Bxc5 14. Bb5
Re7 15. Nd4 Bxd4 16. exd4 Rc7 17. Qd2 a6 18. Ba4 h6 19. Bf4 Re7 20. Bc2 N8d7
21. Re2 Nb6 22. Bb1 Re8 23. Rfe1 Rc8 24. Bxh6 gxh6 25. Qxh6 Nbd7 26. Re5 Ne4
27. Nxe4 Nxe5 28. Nf6+ Qxf6 29. Qxf6 Nd7 30. Qh6 Nf8 31. Re5 f5 32. Bxf5 Bxf5
33. Rxf5 Re2 34. Qg5+ Kh8 35. Qf6+ Kh7 36. Rh5+ 1-0

[Event "Sparkassen-Open A"]
[Site "Heusenstamm, Martinsee"]
[Date "2018.11.23"]
[Round "2.60"]
[White "Heindrich, Mark"]
[Black "Reinhold, GÃ¼nther"]
[Result "1-0"]
[WhiteElo "2116"]
[BlackElo "1833"]
[PlyCount "64"]
[EventDate "2018.??.??"]
[WhiteTeam "TuS Dotzheim"]
[BlackTeam "Frankfurter TV"]

1. e4 c5 2. Nf3 e6 3. c3 d5 4. exd5 Qxd5 5. Na3 Nc6 6. Bc4 Qd8 7. O-O Nf6 8.
Re1 Be7 9. Nc2 O-O 10. d4 cxd4 11. Ncxd4 Nxd4 12. Nxd4 Qc7 13. Bf1 Rd8 14. Qe2
a6 15. Qf3 Bd6 16. g3 e5 17. Nc2 Bg4 18. Qg2 h6 19. Ne3 Bd7 20. Qf3 Bc6 21. Qe2
Re8 22. Nf5 Rad8 23. Be3 Be4 24. Bh3 Bc5 25. Qc4 Bd6 26. Qb3 Qc6 27. Rad1 b5
28. Rxd6 Rxd6 29. Nxd6 Qxd6 30. Rd1 Qc6 31. Qb4 Nd5 32. Qxe4 Nb4 1-0

[Event "Sparkassen-Open A"]
[Site "Heusenstamm, Martinsee"]
[Date "2018.11.23"]
[Round "2.61"]
[White "Altenbernd, Dirk"]
[Black "Flach, Erich"]
[Result "1-0"]
[WhiteElo "1842"]
[BlackElo "2110"]
[PlyCount "47"]
[EventDate "2018.??.??"]
[WhiteTeam "SK TÃ¶nsberg Oerlinghausen"]
[BlackTeam "SV Griesheim"]

1. c4 b6 2. Nf3 c5 3. g3 Bb7 4. Bg2 Nf6 5. Nc3 e6 6. O-O Be7 7. d4 cxd4 8. Nxd4
Bxg2 9. Kxg2 a6 10. Kg1 Qc7 11. Qa4 O-O 12. Rd1 Rc8 13. b3 d5 14. Ncb5 Qb7 15.
Na3 Ne4 16. Bb2 Nd7 17. b4 Ndf6 18. Qb3 dxc4 19. Nxc4 Nxf2 20. Kxf2 Ng4+ 21.
Kg1 Bg5 22. Nf3 Bh6 23. Nd6 Be3+ 24. Kg2 1-0